[Event "Turin FreeTUR op"]
[Site "Turin"]
[Date "2007.12.11"]
[Round "6"]
[White "Gatti, Franco"]
[Black "Savarese, Ciro"]
[Result "1-0"]
[WhiteElo "1499"]
[BlackElo "1416"]
[PlyCount "113"]
[EventDate "2007.11.06"]
[EventType "swiss"]
[EventRounds "6"]
[EventCountry "ITA"]
[SourceTitle "EXT 2010"]
[Source "ChessBase"]
[SourceDate "2010.11.25"]
[SourceVersion "1"]
[SourceVersionDate "2010.11.25"]
[SourceQuality "1"]

1. e4 e5 2. Nf3 Nc6 3. Bc4 Na5 4. Nxe5 Nxc4 5. Nxc4 d5 6. exd5 Qxd5 7. Qe2+ Be6 8. Ne3 Qd7 9. Nc3 Bc5 10. d3 Nf6 11. Bd2 0-0 12. 0-0 c6 13. h3 Rfe8 14. Qf3 Rad8 15. Rad1 Qc7 16. b3 b5 17. a4 a6 18. axb5 axb5 19. Ne4 Nxe4 20. dxe4 Bd4 21. Nf5 Be5 22. Bc3 f6 23. Bxe5 fxe5 24. Ng3 b4 25. Rd3 Bc8 26. Rfd1 Rd7 27. Rxd7 Bxd7 28. Qe3 Be6 29. Qc5 Rd8 30. Rxd8+ Qxd8 31. Qxc6 Qe7 32. Nf1 h5 33. Ne3 Qf7 34. Nd5 Kh7 35. f3 h4 36. Ne3 Qa7 37. Kf2 Bd7 38. Qd6 Qd4 39. Qxd4 exd4 40. Nd5 Bb5 41. Nxb4 Kg6 42. f4 Kf6 43. Nd5+ Kf7 44. g3 hxg3+ 45. Kxg3 d3 46. cxd3 Bxd3 47. e5 Bc2 48. b4 Be4 49. Nc3 Bd3 50. h4 Kg6 51. b5 Kf5 52. b6 Ba6 53. Nb5 Kg6 54. Nd6 Kh6 55. e6 Kh7 56. e7 Bd3 57. e8Q 1-0

[Event "Turin FreeTUR op"]
[Site "Turin"]
[Date "2007.12.04"]
[Round "5"]
[White "Savarese, Ciro"]
[Black "Di Stefano, Marco"]
[Result "0-1"]
[WhiteElo "1416"]
[BlackElo "1464"]
[PlyCount "126"]
[EventDate "2007.11.06"]
[EventType "swiss"]
[EventRounds "6"]
[EventCountry "ITA"]
[SourceTitle "EXT 2010"]
[Source "ChessBase"]
[SourceDate "2010.11.25"]
[SourceVersion "1"]
[SourceVersionDate "2010.11.25"]
[SourceQuality "1"]

1. e4 e5 2. Nc3 Nf6 3. Bc4 Nxe4 4. Bxf7+ Kxf7 5. Nxe4 d5 6. Nc3 Nd7 7. Nxd5 Bc5 8. b4 Bxf2+ 9. Kxf2 Qh4+ 10. Kf1 Qc4+ 11. d3 Qxd5 12. Qf3+ Qxf3+ 13. Nxf3 Rf8 14. Bb2 Kg8 15. Ke2 Rf5 16. h4 b6 17. Rh3 Bb7 18. Rg3 Raf8 19. Rf1 Ba8 20. a3 Bb7 21. Bc1 R8f7 22. Be3 R5f6 23. h5 e4 24. Nd2 exd3+ 25. cxd3 Rxf1 26. Nxf1 Ne5 27. Bd4 Nxd3 28. Rxd3 Ba6 29. Ne3 Rd7 30. Nf5 g6 31. Nh6+ Kf8 32. hxg6 hxg6 33. Bb2 Rxd3 34. Ke1 Rb3 35. Bc1 Rg3 36. Kf2 Rc3 37. Bf4 Rxa3 38. Bxc7 Ra4 39. Bd6+ Ke8 40. Ke3 Ra3+ 41. Kf4 Bf1 42. g3 a5 43. Kg5 Bd3 44. Ng4 axb4 45. Bxb4 Rb3 46. Ne5 Rxb4 47. Nxd3 Rb3 48. Nf4 Rxg3+ 49. Kh6 Kf7 50. Nd5 b5 51. Nb6 b4 52. Na4 b3 53. Nc5 b2 54. Ne4 Rg1 55. Ng5+ Kf6 56. Ne4+ Ke5 57. Nd2 Kf4 58. Nb3 b1Q 59. Nd4 Qe4 60. Nb5 Qe8 61. Kg7 Qxb5 62. Kh8 Qd7 63. Kg8 Rh1 0-1